Statistiques concernant Les clubs sur le podium de la Liga (depuis 2001)

Cliquez ici pour prendre le quiz!

Statistiques générales

  • Ce quiz a été pris 806 fois
  • Le résultat moyen est 7 sur 9

Statistiques - réponses

Nombre de fois sur le podiumAnnée(s)Club% Correct
132004,05,06,07,08,09,10,11,12,13,14,15,2016FC Barcelone
100%
152001,02,03,05,06,07,08,09,10,11,12,13,14,15,2016Real Madrid
100%
42013,14,15,2016Atlético Madrid
99%
22007,2009Séville FC
97%
62002,04,06,10,11,2012Valence CF
93%
22005,2008Villareal CF
67%
42001,02,03,2004Deportivo La Corogne
63%
12003Real Sociedad
58%
12001Real Majorque
19%

Distribution des résultats

Percentile par nombre de réponses

% des personnes avec chaque résultat

Votre développement - résultats

Vous n’avez pas pris ce quiz